Τα μαθηματικά σήμερα
Αποθηκεύτηκε σε:
| Κύριοι συγγραφείς: | , |
|---|---|
| Άλλοι συγγραφείς: | |
| Μορφή: | Βιβλίο |
| Γλώσσα: | Greek German |
| Δημοσίευση: |
Αθήνα :
Κτίστης,
1985.
|
| Θέματα: | |
| Ετικέτες: |
Προσθήκη ετικέτας
Δεν υπάρχουν, Καταχωρήστε ετικέτα πρώτοι!
|
MARC
| LEADER | 00000cam a2200000 i 4500 | ||
|---|---|---|---|
| 001 | 1/34761 | ||
| 008 | 941103s1985####gr | ||| |||| ||gre|| | ||
| 035 | |a 1988 |l 10039744 | ||
| 040 | |a GR-MyUA |b gre |e AACR2 | ||
| 041 | 1 | |a gre |h ger | |
| 082 | 0 | |a 510 | |
| 100 | 1 | |a Athen, Hermann. | |
| 245 | 1 | 3 | |a Τα μαθηματικά σήμερα / |c Athen, Griesel ; μετάφραση Παπαπέτρου Στέλιος, Παπαπέτρου Τζάνετ-Αλίκη. |
| 260 | |a Αθήνα : |b Κτίστης, |c 1985. | ||
| 300 | |a 6 τ. ; |c 25 εκ. | ||
| 500 | |a Περιέχει εικόνες, διαγράμματα και πίνακες | ||
| 650 | 0 | 0 | |a Mathematics. |
| 650 | 0 | 0 | |a Mathematics |x Problems, exercises, etc. |
| 650 | 0 | 0 | |a Mathematics |x Philosophy. |
| 700 | 1 | |a Griesel, Heinz, |e aut | |
| 700 | 1 | |a Παπαπέτρου, Στέλιος, |e trl | |
| 852 | |a INST |b SAMOS |e 19941103 |h 510 ATH |p 005300001961 |q 005300001961 |t BK |y 0 |z τ.1 | ||
| 852 | |a INST |b SAMOS |e 19941103 |h 510 ATH |p 005300001962 |q 005300001962 |t BK |y 0 |z τ.2 | ||
| 852 | |a INST |b SAMOS |e 19941103 |h 510 ATH |p 005300001963 |q 005300001963 |t BK |y 0 |z τ.3 | ||
| 852 | |a INST |b SAMOS |e 19941103 |h 510 ATH |p 005300001964 |q 005300001964 |t BK |y 0 |z τ.4 | ||
| 852 | |a INST |b SAMOS |e 19941103 |h 510 ATH |p 005300001965 |q 005300001965 |t BK |y 0 |z τ.5 | ||
| 852 | |a INST |b SAMOS |e 19941103 |h 510 ATH |p 005300001966 |q 005300001966 |t BK |y 0 |z τ.6 | ||
| 852 | |a INST |b SAMOS |e 19941103 |h 510 ATH |p 005300001961 |q 005300001961 |t BK |v τ.1: |y 0 |z τ.1 | ||
| 852 | |a INST |b SAMOS |e 19941103 |h 510 ATH |p 005300001962 |q 005300001962 |t BK |v τ.2: |y 0 |z τ.2 | ||
| 852 | |a INST |b SAMOS |e 19941103 |h 510 ATH |p 005300001963 |q 005300001963 |t BK |v τ.3: |y 0 |z τ.3 | ||
| 852 | |a INST |b SAMOS |e 19941103 |h 510 ATH |p 005300001964 |q 005300001964 |t BK |v τ.4: |y 0 |z τ.4 | ||
| 852 | |a INST |b SAMOS |e 19941103 |h 510 ATH |p 005300001965 |q 005300001965 |t BK |v τ.5: |y 0 |z τ.5 | ||
| 852 | |a INST |b SAMOS |e 19941103 |h 510 ATH |p 005300001966 |q 005300001966 |t BK |v τ.6: |y 0 |z τ.6 | ||
| 853 | |a INST |b SAMOS |h 510 ATH | ||
| 909 | |a Σ |b 011434 | ||
| 909 | |a Σ |b 011435 | ||
| 909 | |a Σ |b 011436 | ||
| 909 | |a Σ |b 011437 | ||
| 909 | |a Σ |b 011438 | ||
| 909 | |a Σ |b 011439 | ||